Obrázok z Trnavy

Bibliographic Details
Main Author: Smolický, Peter (Author)
Format: Article
Language:Slovak
Subjects:

MARC

LEADER 00000nab a2200000 ar4500
001 vtls010065901
003 SK-MaSNL
005 20260303193911.0
008 100217c1974 xo |r|p|||||||000 b|slo
015 |a SNBRB1974 
038 |a SNKBUCL 
040 |a SNKBUCL  |b slo  |c SNKBUCL  |e AACR2 
041 |a slo 
044 |a xo  |c SK 
080 |a 792  |2 2001 
100 1 |a Smolický, Peter  |4 aut  |9 1003302 
245 1 0 |a Obrázok z Trnavy  |c Peter Smolický 
610 2 7 |a Divadlo pre deti a mládež (Trnava, Slovensko)  |2 snkbucl  |9 62728 
773 0 |t Pravda  |g (2.8.1974), s. 5 
852 |a SNK  |b KIS3GCP 
958 |a SK 
999 |c 2154591  |d 2156521